Teología de la Biblia

שמור ב:
מידע ביבליוגרפי
מחבר ראשי: García Cordero, Maximiliano (Author)
פורמט: ספר
שפה:ספרדית
יצא לאור: Madrid Biblioteca de Autores Cristianos 1973
סדרה:Biblioteca de Autores Cristinos
נושאים:
תגים: הוספת תג
אין תגיות, היה/י הראשונ/ה לתייג את הרשומה!

MARC

LEADER 00000cam a2200000 a 4500
001 UCL1486
003 CL-VaPUC
008 030911e19730000SP |||||||||||||||||spa|d
082 0 4 |a 220  |b GAR  |2 21 
100 |a García Cordero, Maximiliano  |e author  |9 478415 
245 1 0 |a Teología de la Biblia 
300 |a v 
942 |c BK 
945 |d 20030911 00:00:00  |a vberengu 
260 |a Madrid  |b Biblioteca de Autores Cristianos  |c 1973 
500 |a v.2-3: Nuevo Testamento 
600 0 |a Jesús  |9 313614 
650 0 |a Sagradas escrituras  |9 349657 
650 0 |a Biblia  |9 257603 
650 0 |a Nuevo testamento  |9 257604 
583 |a last modification  |c 20141014 12:29:04  |k Rodrigo Vera 
490 0 |a Biblioteca de Autores Cristinos 
999 |c 305022  |d 305020 
952 |0 0  |1 0  |4 0  |6 220_000000000000000_GAR_1973  |7 0  |8 A  |9 367956  |a BIBTEO  |b BIBTEO  |d 2019-11-21  |h v.2  |i 2076861  |o 220 GAR 1973  |p 2076861  |r 2025-01-17  |w 2019-11-21  |y BK  |k ICR 
952 |0 0  |1 0  |3 erd  |4 0  |6 220_000000000000000_GAR_1973  |7 0  |8 A  |9 367957  |a BIBTEO  |b BIBTEO  |h v.3  |i 5119014  |o 220 GAR 1973  |p 5119014  |r 2025-01-17  |w 2019-11-21  |y BK  |z Catalogado en:20141016  |k ICR 
952 |0 0  |1 0  |3 erd  |4 0  |6 220_000000000000000_GAR_1973  |7 0  |8 A  |9 367958  |a BIBTEO  |b BIBTEO  |h v.2  |i 5119006  |o 220 GAR 1973  |p 5119006  |r 2025-01-17  |w 2019-11-21  |y BK  |z Catalogado en:20141016  |k ICR